000 00264nam a22001217a 4500
008 170505b xxu||||| |||| 00| 0 eng d
041 _aeng
080 _29 ED
_a343.9
100 _a14
101 _aSHJ
245 _aCRIMNALISTICS
_cSAFERSTEIN.R
942 _2udc
_cBK
999 _c12731
_d12731